Psicología del consumidor

Gardado en:
Detalles Bibliográficos
Autor Principal: Quintanilla Pardo, Ismael (Author)
Formato: Libro
Idioma:Lingua castelá
Publicado: Madrid Pearson Educación 2002
Subjects:
Tags: Engadir etiqueta
Sen Etiquetas, Sexa o primeiro en etiquetar este rexistro!

MARC

LEADER 00000nam a2200000 a 4500
001 UCL8821
003 CL-VaPUC
008 040709e20020000SP |||||||||||||||||spa|d
020 |a 8420537128 
082 0 4 |a 658.8342  |b QUI  |2 21 
100 0 |a Quintanilla Pardo, Ismael  |e author  |9 486758 
245 1 0 |a Psicología del consumidor 
300 |a 201 p 
942 |c BK 
945 |d 20040709 00:00:00  |a cmena 
260 |a Madrid  |b Pearson Educación  |c 2002 
650 0 |a Consumidores  |9 315658 
650 0 |a Motivación   |9 315362 
650 0 |a Marketing  |9 259324 
583 |a last modification  |c 20160928 09:55:51  |k Rodrigo Vera 
999 |c 309928  |d 309926 
952 |0 0  |1 0  |4 0  |6 658_834200000000000_QUI_2002  |7 0  |8 A  |9 377791  |a BIBENE  |b BIBENE  |d 2019-11-21  |i 4034759  |o 658.8342 QUI 2002  |p 4034759  |r 2025-01-15  |w 2019-11-21  |y BK  |k ICO